000 01206pam a2200325 a 4500
001 990
005 20260227095900.0
020 _a0836810201 (lg. print)
040 _aDLC
_cDLC
_dDLC
_beng
050 0 0 _aPZ7.M3567585
_bJh 1998
082 0 0 _a[Fic]
_220
100 1 _aMartin, Ann M.,
_d1955-
245 1 0 _aJessi's secret language /
_cAnn M. Martin.
260 _aNew York :
_bScholastic,
_c1998.
300 _a145 pages :
_c20 cm
490 1 _aThe Baby-sitters Club ;
_vBook 16
500 _a"First published by Scholastic Inc."--verso of t. p.
505 _aR
520 _aFeeling isolated as the only African American in her sixth grade class, Jessi gains a sense of belonging by participating in the Baby-sitters Club, learning sign language in order to communicate with a deaf child, and dancing in a ballet.
521 _a710
_bLexile
521 _aR
_bRaz-Plus
650 0 _aLarge type books.
650 1 _aBabysitters and babysitting
_vFiction.
650 1 _aBallet dancing
_vFiction.
650 1 _aSign language
_vFiction.
650 1 _aAfrican Americans
_vFiction.
650 1 _aLarge type books.
906 _a7
_bcbc
_corignew
_d1
_eocip
_f19
_gy-gencatlg
942 _2ddc
_cBK
_n0
999 _c990
_d990